Ready or Not Missions - Statistics

General Stats
  • This quiz has been taken 198 times
    102 since last reset
  • The average score is 11 of 26
Answer Stats
Campaign % Correct
Thank You, Come Again
77%
23 Megabytes a Second
70%
Hide and Seek
66%
The Spider
61%
Twisted Nerve
59%
Elephant
57%
Relapse
57%
Valley of the Dolls
57%
Neon Tomb
50%
Ides of March
45%
A Lethal Obsession
41%
Carriers of the Vine
41%
Greased Palms
41%
Buy Cheap, Buy Twice
39%
Sins of the Father
39%
Sinuous Trail
39%
Narcos
36%
Dorms
34%
Ends of the Earth
34%
Rust Belt
34%
Leviathan
32%
3 Letter Triad
27%
Hunger Strike
27%
Lawmaker
23%
Mirage at Sea
20%
Stolen Valor
20%
No matching quizzes found
Score Distribution
Percent of People with Each Score
Percentile by Number Answered
Your Score History
You have not taken this quiz since the last reset